|
|
|
|
| LEADER |
00682nab a2200193 i 4500 |
| 001 |
tisza6979 |
| 005 |
20200330131954.0 |
| 008 |
170530s1971 hu o 0|| hun d |
| 022 |
|
|
|a 0133-1167
|
| 040 |
|
|
|a SZTE Tiszatáj Archívum
|b hun
|
| 041 |
|
|
|a hun
|
| 100 |
1 |
|
|a Rónay György
|
| 245 |
1 |
0 |
|a Kalandozások
|h [elektronikus dokumentum] :
|b Hajnal Gábor műfordításai /
|c Rónay György
|
| 260 |
|
|
|c 1971
|
| 300 |
|
|
|a 770-772
|
| 490 |
0 |
|
|a Tiszatáj
|v 25 No. 8
|
| 695 |
|
|
|a Német irodalom - antológia - könyvismertetés, Műfordítás - könyvismertetés
|
| 700 |
0 |
1 |
|a Hajnal Gábor
|
| 856 |
4 |
0 |
|u http://tiszataj.bibl.u-szeged.hu/6979/1/tiszataj_1971_008_770-772.pdf
|z Dokumentum-elérés
|